01011nam a22002777a 450000100040000000500170000402000150002104000230003605000240005908200210008310000280010424500990013225000430023126000370027430000400031149000370035150000330038850500080042152001310042952100200056052100200058065000220060065000370062265000350065970000390069485120250404102017.0 a0689821948 aDLCcDLCdDLCbeng00aPZ7.S78694bCk 200000a899.221080022211 aStanley, George Edward.14aThe clue of the left-handed envelope /cGeorge E. Stanley ; illustrated by Salvatore Murdocca. aFirst Scholastic printing, April 2002  aNew York :bScholastic, c2002.  a62 pages :billustrations ;c20 cm.1 aThird-grade detectives ;vBook 1 a"Ready-for-chapters"--Cover. aN  aWith the help of their third-grade teacher and classmates, Noelle and Todd discover who sent an anonymous letter to Amber Lee.1 a550 bLexile 1 aN bRaz-Plus  1aSchoolsvFiction. 1aEnvelopes (Stationery)vFiction. 1aMystery and detective stories.1 aMurdocca, Salvatore.eillustrator.